Central Library OPAC University of Rajshahi

Philosophical writings (Record no. 31571)

MARC details
000 -LEADER
fixed length control field 00952cam a2200301 i 4500
001 - CONTROL NUMBER
control field 31571
003 - CONTROL NUMBER IDENTIFIER
rucl marc code BD-RjUL
005 - DATE AND TIME OF LATEST TRANSACTION
control field 20211209051723.0
008 - FIXED-LENGTH DATA ELEMENTS--GENERAL INFORMATION
fixed length control field 140420r19611934enka b 000 0 eng d
035 ## - SYSTEM CONTROL NUMBER
System control number (BD-RjUL) 31659
040 ## - CATALOGING SOURCE
Original cataloging agency DLC
Transcribing agency DLC
Modifying agency DLC
-- BD-RjUL
Language of cataloging eng
041 1# - LANGUAGE CODE
Language code of text/sound track or separate title engger
082 00 - DEWEY DECIMAL CLASSIFICATION NUMBER
Classification number 193
Author mark and year LEP 1961
100 1# - MAIN ENTRY--PERSONAL NAME
Personal name Leibniz, Gottfried Wilhelm,
Dates associated with a name 1646-1716.
9 (RLIN) 96090
245 10 - TITLE STATEMENT
Title Philosophical writings
Statement of responsibility, etc. Leibniz
260 ## - PUBLICATION, DISTRIBUTION, ETC. (IMPRINT)
Place of publication, distribution, etc. London :
Name of publisher, distributor, etc. Dent,
Date of publication, distribution, etc. 1934 [Reprinted 1961]
300 ## - PHYSICAL DESCRIPTION
Pagination xxvi, 284 p. :
Illustrations ill. ;
Size 20 cm.
490 0# - SERIES STATEMENT
Series statement [Everyman's university library]
500 ## - GENERAL NOTE
General note "This edition first published in Everyman's library in 1934."
504 ## - BIBLIOGRAPHY, ETC. NOTE
Bibliography, etc Bibliography: p. xxi-xxiv.
650 #0 - SUBJECT ADDED ENTRY--TOPICAL TERM
Topical term or geographic name as entry element Philosophy.
9 (RLIN) 96091
700 1# - ADDED ENTRY--PERSONAL NAME
Personal name Morris, Mary
Fuller form of name (George Henry Radcliffe)
Personal name Morris, C. R
942 ## - ADDED ENTRY ELEMENTS (KOHA)
Source of classification or shelving scheme Dewey Decimal Classification
Koha item type Books
Holdings
Lost status Source of classification or shelving scheme Damaged status Not for loan Collection code Permanent Location Current Location Shelving location Date acquired Source of acquisition Cost, normal purchase price Total Checkouts Full call number Date last seen Copy number Koha item type
  Dewey Decimal Classification     Non-fiction Central Library, University of Rajshahi Central Library, University of Rajshahi   20/02/1963 Zeitlinger 8.00   193 LEP 1961 20/04/2014 C-4 Books
  Dewey Decimal Classification     Non-fiction Central Library, University of Rajshahi Central Library, University of Rajshahi   20/02/1963 Zeitlinger 8.00   193 LEP 1961 20/04/2014 C-3 Books